000 00747nac a22002537a 4500
001 BR6003948
003 BR-BrBNA
005 20240105113101.0
008 230509b bl.|||m| |||| 00| 0 por d
040 _aBR-BrBNA
_bpor
_cBiblioteca Nacional de Agricultura
072 _aL30
090 _a6000 BR6003948
100 1 _aTorres, A.D.P.
245 1 _aAlimentacao racional das aves. Nocoes praticas
250 1 _a6. ed.
260 3 _aSao Paulo, SP (Brasil):
_bMelhoramentos,
_c1963.
300 _a137 p.
490 _aCriacao e Lavoura (Brazil)
_vno. 13
_x
500 _a25 illus.; 18 tables; Glossary p. 116-120
650 _aAVE DOMESTICA
650 _aRACAO
909 _a202312
_bLúcia Elande
_c55
_dLúcia Elande
942 _2AGRIS
_n0
_cMS
999 _c261801
_d261801